Europa: Geografie mit E - Statistiken

Allgemein
  • Dieses Quiz wurde 244 mal gespielt
  • Das Durchschnittsergebnis liegt bei 10 aus 16
Antwortstatistiken
Hinweis Antwort % Korrekt
Einer der baltischen Staaten Estland
100%
Hauptstadt von Schottland Edinburgh
96%
1889 eröffnetes Bauwerk in Paris, das zu den bekanntesten Sehenswürdigkeiten Frankreichs und Europas gehört Eiffelturm
92%
In Tschechien entspringender Strom, der hinter Hamburg in die Nordsee mündet Elbe
88%
Hauptstadt eines deutschen Bundeslandes Erfurt
88%
Erste Exil-Insel Napoleons Elba
76%
Landessprachlicher Name der "Grünen Insel" Éire
71%
Unterwasserverbindung zwischen Großbritannien und Frankreich Eurotunnel
70%
Italienische Region mit Bologna als Hauptstadt {Emilia}-Romagna
67%
Nordöstlich von London gelegene Grafschaft, früher ein angelsächsisches Königreich Essex
51%
Größte Stadt in der niederländischen Provinz Noord-Brabant, in der der Philips-Konzern ansässig ist Eindhoven
50%
Im Süden des Landes gelegene zweitgrößte Stadt Luxemburgs {Esch}-sur-Alzette
36%
Diese zweitgrößte Stadt Finnlands befindet sich im Ballungsraum der Hauptstadt Helsinki Espoo
30%
Seebad westlich von Lissabon, das auch für Autorennen bekannt ist Estoril
29%
Bedeutendste dänische Hafenstadt an der Nordsee Esbjerg
26%
Nach Kreta zweitgrößte griechische Insel, die über zwei Brücken mit dem Festland verbunden ist Euböa
26%
Keine übereinstimmenden Quizze gefunden
Verteilung der Resultate
Anzahl Personen mit jedem Resultat
Perzentil nach korrekt beantworteten Fragen
Ihre Resultats-Entwicklung
Sie haben dieses Quiz noch nicht gespielt